<?xml version="1.0" encoding="UTF-8"?><?xml-stylesheet type="text/xsl" href="static/style.xsl"?><OAI-PMH xmlns="http://www.openarchives.org/OAI/2.0/" xmlns:xsi="http://www.w3.org/2001/XMLSchema-instance" xsi:schemaLocation="http://www.openarchives.org/OAI/2.0/ http://www.openarchives.org/OAI/2.0/OAI-PMH.xsd"><responseDate>2026-06-02T21:51:48Z</responseDate><request verb="GetRecord" identifier="oai:riuma.uma.es:10630/31608" metadataPrefix="marc">https://riuma.uma.es/rest/oai/request</request><GetRecord><record><header><identifier>oai:riuma.uma.es:10630/31608</identifier><datestamp>2026-02-03T11:15:07Z</datestamp><setSpec>com_10630_2254</setSpec><setSpec>col_10630_37953</setSpec></header><metadata><record xmlns="http://www.loc.gov/MARC21/slim" xmlns:dcterms="http://purl.org/dc/terms/" xmlns:doc="http://www.lyncode.com/xoai" xmlns:xsi="http://www.w3.org/2001/XMLSchema-instance" xsi:schemaLocation="http://www.loc.gov/MARC21/slim http://www.loc.gov/standards/marcxml/schema/MARC21slim.xsd">
   <leader>00925njm 22002777a 4500</leader>
   <datafield ind2=" " ind1=" " tag="042">
      <subfield code="a">dc</subfield>
   </datafield>
   <datafield ind2=" " ind1=" " tag="720">
      <subfield code="a">Grima-Olmedo, Juan</subfield>
      <subfield code="e">author</subfield>
   </datafield>
   <datafield ind2=" " ind1=" " tag="720">
      <subfield code="a">Ballesteros-Navarro, Bruno</subfield>
      <subfield code="e">author</subfield>
   </datafield>
   <datafield ind2=" " ind1=" " tag="720">
      <subfield code="a">Pulido-Velazquez, David</subfield>
      <subfield code="e">author</subfield>
   </datafield>
   <datafield ind2=" " ind1=" " tag="720">
      <subfield code="a">Renau-Pruñonosa, Arianna</subfield>
      <subfield code="e">author</subfield>
   </datafield>
   <datafield ind2=" " ind1=" " tag="720">
      <subfield code="a">Alcalá, Francisco Javier</subfield>
      <subfield code="e">author</subfield>
   </datafield>
   <datafield ind2=" " ind1=" " tag="720">
      <subfield code="a">Llopis-Albert, Carlos</subfield>
      <subfield code="e">author</subfield>
   </datafield>
   <datafield ind2=" " ind1=" " tag="720">
      <subfield code="a">Jiménez-Gavilán, Pablo</subfield>
      <subfield code="e">author</subfield>
   </datafield>
   <datafield ind2=" " ind1=" " tag="720">
      <subfield code="a">Milkov-Ivanov, Nikolay</subfield>
      <subfield code="e">author</subfield>
   </datafield>
   <datafield ind2=" " ind1=" " tag="720">
      <subfield code="a">Baena-Ruiz, Leticia</subfield>
      <subfield code="e">author</subfield>
   </datafield>
   <datafield ind2=" " ind1=" " tag="720">
      <subfield code="a">Grima-Olmedo, Carlos</subfield>
      <subfield code="e">author</subfield>
   </datafield>
   <datafield ind2=" " ind1=" " tag="720">
      <subfield code="a">Milkov-Ivanov, Nikolay</subfield>
      <subfield code="e">author</subfield>
   </datafield>
   <datafield ind2=" " ind1=" " tag="260">
      <subfield code="c">2023-07-28</subfield>
   </datafield>
   <datafield ind2=" " ind1=" " tag="520">
      <subfield code="a">The protection of groundwater resources in coastal aquifers is an increasingly important&#xd;
issue worldwide. To establish threshold values and remediation objectives, it is essential to know the&#xd;
natural background concentrations of relevant ions in groundwater. The rationale is to define the&#xd;
Natural Background Level (NBL) of chemical species determined by atmospheric and lithological&#xd;
forces. In many coastal aquifers, this evaluation worsens since atmospheric and lithological salinity&#xd;
combines with many other anthropogenic sources of salinity, including exogenous salinity induced by&#xd;
seawater intrusion (SWI). This paper presents a combination of six well-known statistical techniques&#xd;
and a new methodology (i.e., SITE index) in eight GWBs affected by SWI in Eastern Spain. The&#xd;
chloride ion was the selected conservative chemical specie to assess the qualitative status due to the&#xd;
variable SWI affection. The Natural Chloride Background (NCB) obtained from these methodologies&#xd;
at the GWB scale was compared with regional NCB data calculated with the Atmospheric Chloride&#xd;
Mass Balance (CMB) method in Continental Spain. The CMB method provides atmospherically&#xd;
derived NCB data that are not influenced by SWI or anthropogenic activities or lithological forces.&#xd;
This external evaluation can be considered the atmospheric fraction of NCB, which serves as a&#xd;
regional criterion to validate the more detailed statistical methodologies applied at the GWB scale. As&#xd;
a result, a conceptualization of NCB is obtained by means of a range of values between 115 mg L􀀀1&#xd;
and 261 mg L􀀀1 in the studied coastal GWBs affected by SWI in Eastern Spain.</subfield>
   </datafield>
   <datafield ind1="8" ind2=" " tag="024">
      <subfield code="a">Grima-Olmedo, J., Ballesteros-Navarro, B., Pulido-Velazquez, D., Renau-Pruñonosa, A., Alcalá, F. J., Llopis-Albert, C., Jiménez-Gavilán, P., Milkov-Ivanov, N., Baena-Ruiz, L., &amp; Grima-Olmedo, C. (2023). A Framework to Assess Natural Chloride Background in Coastal Aquifers Affected by Seawater Intrusion in Eastern Spain. Water, 15(15), 2728. https://doi.org/10.3390/w15152728</subfield>
   </datafield>
   <datafield ind1="8" ind2=" " tag="024">
      <subfield code="a">https://hdl.handle.net/10630/31608</subfield>
   </datafield>
   <datafield ind1="8" ind2=" " tag="024">
      <subfield code="a">10.3390/w15152728</subfield>
   </datafield>
   <datafield tag="653" ind2=" " ind1=" ">
      <subfield code="a">Acuíferos - Mediterráneo</subfield>
   </datafield>
   <datafield tag="653" ind2=" " ind1=" ">
      <subfield code="a">Aguas subterráneas - Protección</subfield>
   </datafield>
   <datafield ind2="0" ind1="0" tag="245">
      <subfield code="a">A Framework to Assess Natural Chloride Background in Coastal Aquifers Affected by Seawater Intrusion in Eastern Spain.</subfield>
   </datafield>
</record>
</metadata></record></GetRecord></OAI-PMH>